| 000 | 00428nam a22001817a 4500 | ||
|---|---|---|---|
| 005 | 20250718123629.0 | ||
| 008 | 250718b |||||||| |||| 00| 0 eng d | ||
| 020 |
_a9780552150590 _qpbk |
||
| 041 | _aeng | ||
| 082 | _a823.914 COO | ||
| 100 | _aCooper Jilly | ||
| 245 |
_aScore _c/ Jilly Cooper |
||
| 250 | _a1st ed | ||
| 260 |
_aBritain _bCoorgi _c2000 |
||
| 300 |
_a795p. : _c18cm |
||
| 650 | _aFiction | ||
| 942 | _cENGLISH | ||
| 999 |
_c576153 _d576153 |
||